TV Debuts: 1996 Quiz Stats

 Plays Quiz Updated Feb 1, 2019

Support Sporcle.
Go Orange.
Score 0/20 Timer 04:00
1 Play Today
% Correct
Judge Judy
94.5%
Sabrina, The Teenage Witch
90.5%
Everybody Loves Raymond
89.3%
3rd Rock from the Sun
73.5%
Clueless
69.3%
Dexter's Laboratory
61.6%
Spin City
60.4%
7th Heaven
55.1%
Moesha
45.4%
Suddenly Susan
36.1%
% Correct
Nash Bridges
33.4%
Early Edition
24.2%
The Daily Show
22.2%
The Jamie Foxx Show
20.6%
The Dana Carvey Show
17.2%
Access Hollywood
10.6%
The Pretender
9.6%
Pacific Blue
9.2%
Tracey Takes On
8.2%
Millennium
5.7%

From the Vault

Find 7 Cities: Germany

by Tasi

Geography 2.5m
At least your next trip to Germany will already be planned for you.
Remove Ads.
Support Sporcle.
Get the best of Sporcle when you Go Orange. This ad-free experience offers more features, more stats, and more fun while also helping to support Sporcle. Thank you for becoming a member.

Show Comments

Extras

Top Quizzes Today


Score Distribution

Your Account Isn't Verified!

In order to create a playlist on Sporcle, you need to verify the email address you used during registration. Go to your Sporcle Settings to finish the process.

Report this User

Report this user for behavior that violates our Community Guidelines.

Details: